| 000 | 00478nam a2200157Ia 4500 | ||
|---|---|---|---|
| 008 | 130318s9999 xx 000 0 und d | ||
| 020 | _a8173660239 | ||
| 082 | _a005.432NT PEA/W | ||
| 100 | _aPearce, Eric | ||
| 245 | _aWindows NT in a nutshell: A desktop quick reference for system administrator | ||
| 260 |
_bOreilly/Shroff Publishers and Distributors _aMumbai _c1998 |
||
| 300 | _a348 | ||
| 650 | _aOPERATING SYSTEMS | ||
| 650 | _aSYSTEM ADMINISTRATION | ||
| 650 | _aWINDOWS NT | ||
| 999 |
_c132 _d132 |
||